Microeconometrics : (Record no. 19494)
[ view plain ]
| 000 -LEADER | |
|---|---|
| fixed length control field | 00904cam a22002655a 4500 |
| 001 - CONTROL NUMBER | |
| control field | 13726157 |
| 005 - DATE AND TIME OF LATEST TRANSACTION | |
| control field | 20160927135827.0 |
| 008 - FIXED-LENGTH DATA ELEMENTS--GENERAL INFORMATION | |
| fixed length control field | 040921s2009 enka frb f001 0 eng d |
| 020 ## - INTERNATIONAL STANDARD BOOK NUMBER | |
| International Standard Book Number | 9780521848053 |
| 040 ## - CATALOGING SOURCE | |
| Original cataloging agency | DLC |
| Transcribing agency | DLC |
| Modifying agency | DLC |
| -- | EG-ScBUE |
| -- | EG-ScBUE |
| Language of cataloging | eng |
| 082 04 - DEWEY DECIMAL CLASSIFICATION NUMBER | |
| Classification number | 338.5015195 |
| Edition number | 22 |
| Item number | CAM |
| 100 1# - MAIN ENTRY--PERSONAL NAME | |
| Personal name | Cameron, Adrian Colin. |
| 9 (RLIN) | 38121 |
| 245 10 - TITLE STATEMENT | |
| Title | Microeconometrics : |
| Remainder of title | methods and applications / |
| Statement of responsibility, etc | A. Colin Cameron, Pravin K. Trivedi. |
| 250 ## - EDITION STATEMENT | |
| Edition statement | 8th printing. |
| 260 ## - PUBLICATION, DISTRIBUTION, ETC. (IMPRINT) | |
| Place of publication, distribution, etc | Cambridge ; |
| -- | New York : |
| Name of publisher, distributor, etc | Cambridge University Press, |
| Date of publication, distribution, etc | 2009. |
| 300 ## - PHYSICAL DESCRIPTION | |
| Extent | xxii, 1034 p. : |
| Other physical details | charts, forms, tables ; |
| Dimensions | 27 cm. |
| 500 ## - GENERAL NOTE | |
| General note | Includes indexes. |
| 500 ## - GENERAL NOTE | |
| General note | Reprint of the 2005 ed. |
| 504 ## - BIBLIOGRAPHY, ETC. NOTE | |
| Bibliography, etc | Bibliography : p. 961-997. |
| 650 #0 - SUBJECT ADDED ENTRY--TOPICAL TERM | |
| Topical term or geographic name as entry element | Microeconomics |
| General subdivision | Econometric models. |
| Source of heading or term | BUEsh |
| 651 ## - SUBJECT ADDED ENTRY--GEOGRAPHIC NAME | |
| Source of heading or term | BUEsh |
| 653 ## - INDEX TERM--UNCONTROLLED | |
| Resource For college | Engineering, General |
| -- | BAEPS, Economics |
| Arrived date list | June2015 |
| -- | September2016 |
| 700 1# - ADDED ENTRY--PERSONAL NAME | |
| Personal name | Trivedi, P. K. |
| 942 ## - ADDED ENTRY ELEMENTS (KOHA) | |
| Source of classification or shelving scheme | Dewey Decimal Classification |
| Withdrawn status | Item status | Source of classification or shelving scheme | Damaged status | Not for loan | Vendor | Home library | Current library | Shelving location | Date acquired | Source of acquisition | Total Checkouts | Full call number | Barcode | Date last seen | Koha item type | Cost, normal purchase price | Total Renewals | Date last borrowed |
|---|---|---|---|---|---|---|---|---|---|---|---|---|---|---|---|---|---|---|
| Dewey Decimal Classification | Baccah | Central Library | Central Library | First floor | 04/06/2015 | 338.5015195 CAM | 000038400 | 15/07/2025 | Book - Borrowing | |||||||||
| Dewey Decimal Classification | Baccah | Central Library | Central Library | First floor | 27/09/2016 | Purchase | 1 | 338.5015195 CAM | 000033667 | 15/07/2025 | Book - Borrowing | 820.00 | 4 | 25/10/2020 | ||||
| Dewey Decimal Classification | Baccah | Central Library | Central Library | First floor | 27/09/2016 | Purchase | 338.5015195 CAM | 000033666 | 15/07/2025 | Book - Borrowing | 820.00 |